| 000 | 00692cam a22002413a 4500 | ||
|---|---|---|---|
| 001 | 17456 | ||
| 003 | PGUSA | ||
| 005 | 20140828083355.0 | ||
| 008 | 060104s2006||||xxu|||||s|||||000 | eng d | ||
| 040 |
_aPGUSA _beng |
||
| 042 | _adc | ||
| 050 | 4 | _aPS | |
| 100 | 1 |
_aWiggin, Kate Douglas Smith, _d1856-1923 |
|
| 245 | 1 | 4 |
_aThe Romance of a Christmas Card _h[electronic resource] / _cKate Douglas Smith Wiggin |
| 260 |
_bProject Gutenberg, _c2006 |
||
| 506 | _aPublic domain in the USA. | ||
| 516 | _aElectronic text | ||
| 653 | _aChristmas stories | ||
| 700 | 1 | _aHunt, Alice Ercle | |
| 830 | 0 |
_aProject Gutenberg _v17456 |
|
| 856 | 4 | 0 | _uhttp://www.gutenberg.org/ebooks/17456 |
| 942 | _cEB | ||
| 999 |
_c246711 _d246711 |
||